LEADER 00962nam a2200229 i 4500 001 000000231546 003 CaOOAMICUS 005 20200511094326.0 008 140804s1770 it u000 u ita u 013 $a210449 026 $ao-el .)o? a.he (b(a (3) 1770 (R) 040 $aSeMil$bita 245 10$a13: Tomo 13. postumo dei Re secondo. 300 $aXXIII, [1], 262, [2] p. 500 $aSegn. : a-c4 A-2K4 (2K4 bianca). 773 0 $aGranelli, Giovanni, $tIstoria santa dell'Antico Testamento spiegata in lezioni morali, istoriche, critiche, e cronologiche da Giovanni Granelli ..$dIn Parma : Nella Regio-Ducale Stamperia degli Eredi Monti, 1765-1771.$g13$w()30258 850 $aSeMil 852 $aSeMil$W1$xVenegono$y1$m2W III 13 FA$j181892$B181892$CSeMilBibl$Z2$F192768 $8I 941 1 $a10 961 $aRecupero: Mantegazza 996 $6245$a13: Tomo 13. postumo dei Re secondo$9(OLS)http://semarc/title/330618 LEADER 01000nam a2200241 i 4500 001 000000112698 003 CaOOAMICUS 005 20250521102557.0 008 040805s1967 it u000 u ita u 040 $aSeMil$bita 100 1 $aCarlà, Mario.$0(OLS)http://semarc/name/47177 245 10$aCibernetica e teoria dell'informazione /$cMario Carlà. 260 $aRoma :$bArmando,$c1967. 300 $a112 p. ;$c20 cm. 490 1 $aGlossari di lingua contemporanea ;$v7 650 4$aCibernetica - Lingua.$0(OLS)http://semarc/subject/57602 650 4$aTeoria dell'informazione - Lingua.$0(OLS)http://semarc/subject/57603 830 0$aGlossari di lingua contemporanea ;$v7.$0(OLS)http://semarc/title/15883 850 $aSeMil 852 $aSeMil$W1$xVenegono$y1$m1P I 45$j257296$B68418$CSeMilBibl$Z2$F85429 $81 996 $6245$aCibernetica e teoria dell'informazione$9(OLS)http://semarc/title/164325 996 $6260$aRoma :$bArmando$9(OLS)http://semarc/publisher/29857